El Real de Santa Fe (Record no. 184407)

MARC details
000 -LEADER
campo de control de longitud fija 00646nam a22001815i 4500
001 - NÚMERO DE CONTROL
campo de control 184407
003 - IDENTIFICADOR DE NÚMERO DE CONTROL
campo de control ES-MaACL
005 - FECHA Y HORA DE LA ÚLTIMA TRANSACCIÓN
campo de control 20251011063200.0
008 - DATOS DE LONGITUD FIJA--INFORMACIÓN GENERAL
campo de control de longitud fija 150820q18701876sp |||| | spa d
080 ## - NÚMERO DE LA CLASIFICACIÓN DECIMAL UNIVERSAL
Número de la Clasificación Decimal Universal 821.134.2-31"18"
100 0# - ENTRADA PRINCIPAL--NOMBRE DE PERSONA
Nombre de persona San Martín, Antonio de,
Fechas asociadas al nombre 1841-1887
9 (RLIN) 102257
245 13 - MENCIÓN DEL TÍTULO
Título El Real de Santa Fe
Resto del título : novela histórica /
Mención de responsabilidad, etc. original de Antonio de San Martin.
260 ## - PUBLICACIÓN, DISTRIBUCIÓN, ETC.
Lugar de publicación, distribución, etc. Madrid :
Nombre del editor, distribuidor, etc. Urbano Manini,
Fecha de publicación, distribución, etc. [187?]
300 ## - DESCRIPCIÓN FÍSICA
Extensión 255 p. ;
Dimensiones 17 cm.
500 ## - NOTA GENERAL
Nota general El editor trabaja en la segunda mitad del siglo XIX.
852 ## - LOCALIZACIÓN
Ubicación ES-MaACL
Número de control de estantería G-10957
Nota libre .- Firma autografa de Gustavo Saenz Diez, 1876
Holdings
Estatus retirado Estado de pérdida Estado de daño No para préstamo Colección Biblioteca de origen Biblioteca actual Ubicación en estantería Fecha de adquisición Fuente de adquisición Total de préstamos Signatura topográfica completa Código de barras Visto por última vez Precio de reemplazo Tipo de ítem Koha
        Libros del s. XIX Biblioteca del Ateneo de Madrid Biblioteca del Ateneo de Madrid Sala Pecera Planta 3 20/08/2015     G-10957 1194047 23/02/2023 23/02/2023 Libro impreso antiguo